Contribution a l'etude de la segregation de surface d'impuretes alcalines implantees dans l'arseniure de gallium /
Guardado en:
| Otros Autores: | |
|---|---|
| Formato: | Manuscrito |
| Idioma: | French |
| Publicado: |
1976.
|
| Materias: | |
| Etiquetas: |
Agregar Etiqueta
Sin Etiquetas, Sea el primero en etiquetar este registro!
|
| LEADER | 00920ntm a22002295a 4500 | ||
|---|---|---|---|
| 001 | EIQ.libpla002700 | ||
| 008 | 070723s1976####fr#a#####bm###000#0#fre#d | ||
| 005 | 20070723194249.0 | ||
| 245 | 1 | 0 | |a Contribution a l'etude de la segregation de surface d'impuretes alcalines implantees dans l'arseniure de gallium / |c Par François Alexandre. |
| 260 | |c 1976. | ||
| 300 | |a 55, 2 p. : |b il. ; |c 30 cm. | ||
| 502 | |a Tesis (doctorado)--Université de Paris. Faculte Des Sciences d'Orsay. | ||
| 500 | |a Director de tesis:Prof. J. Friedel. | ||
| 504 | |a Incluye referencias bibliográficas. | ||
| 100 | 1 | |a Alexandre, François. |4 dis | |
| 710 | 2 | |a Université de Paris. |b Faculte Des Sciences d'Orsay. |4 dgg. | |
| 650 | 4 | |a Catálisis |x Tesis. | |
| 650 | 4 | |a Catálisis |x Superficies. | |
| 650 | 4 | |a Catalysis |x Thesis. | |
| 650 | 4 | |a Catalysis |x Surfaces. | |
| 040 | |a AR-BbSID |b spa |c AR-BbSID | ||
| 859 | |a AR-BbSID |b BIB. PLAPIQUI |h 541.345 3 |i Al 26 |p 1540 | ||
